| 000 | 00923cam a2200277 i 4500 | ||
|---|---|---|---|
| 001 | 40548 | ||
| 003 | Mx-PuUPA | ||
| 005 | 20220922123007.0 | ||
| 008 | 140415s1990 mx a gr 001 0 spa d | ||
| 020 | _a9682438845 | ||
| 040 |
_aMx-PuUPA _bspa _cMx-PuUPA _dMx-PuUPA _erda |
||
| 041 | 0 | _aspa | |
| 100 | 1 |
_aMüller de la Lama, Enrique, _eautor _99941 |
|
| 245 | 1 | 0 |
_aDirección de relaciones laborales / _cEnrique Müller de la Lama |
| 250 | _aTercera edición | ||
| 264 | 1 |
_aMéxico, D.F. : _bEditorial Trillas, _c1990 |
|
| 300 |
_a273 páginas : _bilustraciones ; _c23 cm |
||
| 336 |
_2rdacontent _atexto _btxt |
||
| 337 |
_2rda media _asin medio _bn |
||
| 338 |
_2rdacarrier _avolumen _bnc |
||
| 650 | 7 |
_2armarc _aRelaciones industriales |
|
| 942 |
_2ddc _cLI _h658.315 _iM685 |
||
| 999 |
_c40548 _d40548 |
||